Tratado de metodología de las ciencias sociales: perspectivas actuales
Guardat en:
| Autors principals: | , |
|---|---|
| Format: | Llibre |
| Idioma: | espanyol |
| Publicat: |
Ciudad de México
Universidad Autónoma Metropolitana
2012
Ciudad de México Fondo de Cultura Económica 2012 |
| Edició: | 1a. ed |
| Matèries: | |
| Etiquetes: |
Afegir etiqueta
Sense etiquetes, Sigues el primer a etiquetar aquest registre!
|
MARC
| LEADER | 00000cam a2200000 a 4500 | ||
|---|---|---|---|
| 001 | UCE3180 | ||
| 003 | CL-VaPUC | ||
| 008 | 140821e20120000mx |||||||||||||||||spa|d | ||
| 020 | |a 9786074776874 | ||
| 082 | 0 | 4 | |a 300.1 |b GAR |2 21 |
| 100 | |a Garza Toledo, Enrique de la |e author |9 575673 | ||
| 700 | |a Leyva, Gustavo |e author |9 592247 | ||
| 245 | 1 | 0 | |a Tratado de metodología de las ciencias sociales: perspectivas actuales |
| 250 | |a 1a. ed | ||
| 300 | |a 647 p | ||
| 942 | |c BK | ||
| 945 | |d 20140821 14:35:00 |a dcastane | ||
| 260 | |a Ciudad de México |b Universidad Autónoma Metropolitana |c 2012 | ||
| 260 | |a Ciudad de México |b Fondo de Cultura Económica |c 2012 | ||
| 650 | 0 | |a Ciencias sociales |9 256351 | |
| 650 | 0 | |a Sociología |9 255410 | |
| 650 | 0 | |a Hermenéutica |9 269473 | |
| 583 | |a last modification |c 20140821 14:35:00 |k Rodrigo Vera | ||
| 999 | |c 356604 |d 356602 | ||
| 952 | |0 0 |1 0 |3 erb |4 0 |6 300_100000000000000_GAR_2012_2012 |7 0 |8 A |9 464054 |a BIBING |b BIBING |i 5095808 |o 300.1 GAR 2012 2012 |p 5095808 |r 2025-01-20 |w 2019-11-23 |y BK |z Catalogado en:20140821 |k GEO | ||